000 00898nam a22002897a 4500
003 CHAP
005 20220817043302.0
008 971013s1983 r 00010 d
010 _a70551
011 _a71523
035 _a81077
040 _cCHAP
090 _aFolleto 10427
100 0 0 _aEdwards, P. N.
_935725
245 _atimber measurement
_b: a field guide
260 _aLondon :
_bHer Maajesty's Stationery Office,
_c1983
300 _a63 p.
490 _aForestry Commission booklet
_v; 49
590 _aBATCH-UPD
_b10
_c20130110
_lUCH01
_h0656
590 _aCONVERSION
_b10
_c20130109
_lUCH01
_h1339
650 1 4 _aMedidas forestales.
_973926
830 0 _aForestry Commission booklet
_v; 49
901 _aBK
942 _cFOLL
949 _aFolleto 10427
_bBC
_cFOLL
_d-34233
_eTS1
_gI.c/e
_i81077
_si
_t25.09
949 _aFolleto 10427
_bBC
_cFOLL
_d-34234
_eTS2
_fc.2
_gI.c/e
_i81077
_si
_t25.09
999 _c70551
_d70551